000 01950cam a2200181 4500500
005 20251228095047.0
041 _afre
042 _adc
100 1 0 _aLe Moing, Monique
_eauthor
245 0 0 _aRabih Alameddine, Les Vies de papier, trad. par Nicolas Richard, Paris, Les Escales, Prix Femina étranger 2016, 330 pages
260 _c2017.
500 _a8
520 _aPubliée en 1909, et préfigurant le Musée Imaginaire d’André Malraux ou La Vie des Formes d’Henri Faucillon, l’ Histoire de l’art d’Élie Faure est imprégnée de la pensée de Bergson dont il fut l’élève au lycée Henri IV. C’est aussi une vision du phénomène artistique à l’échelle de l’histoire de l’humanité, dans laquelle la sculpture occupe une place privilégiée en tant que « art du passage d’un plan à l’autre dans l’espace »…
520 _aÉlie Faure’s History of Art was published in 1909 and prefigures André Malraux’s Imaginary Museum or Henri Focillon’s Life of Forms in Art ; it is permeated by the thinking of Henri Bergson who was Faure’s highschool teacher at the lycée Henri IV in Paris. The book also envisages art as a phenomenon on the scale of human history, giving a special place to sculpture as the “art of passing from one spatial plane to another”.
520 _aPublicada em 1909 e antecipando tanto O museu imaginário de André Malraux como A vida das formas de Henri Faucillon, a História da arte de Élie Faure está impregnada do pensamento de Bergson de que fora aluno no Liceu Henri IV. Mas representa também uma visão do fenómeno artístico à escala da história da humanidade no seio da qual a escultura ocupa um lugar privilegiado enquanto “arte da passagem de um plano para o outro no espaço”.
786 0 _nSigila | 40 | 2 | 2017-12-03 | p. 195b-197b | 1286-1715
856 4 1 _uhttps://shs.cairn.info/revue-sigila-2017-2-page-195b?lang=fr&redirect-ssocas=7080
999 _c1605443
_d1605443